| 000 | 00644nam a22002057a 4500 | ||
|---|---|---|---|
| 999 |
_c9936 _d9936 |
||
| 003 | AR-CdUCM | ||
| 008 | 190328b ||||| |||| 00| 0 spa d | ||
| 020 | _a978-612-4055-25-6 | ||
| 040 |
_aMUNICIPALIDAD PROVINCIAL DEL CUSCO _cBIBLIOTECA MUNICIPAL DEL CUSCO |
||
| 082 |
_aEP / 803 / _bJ31 / e.2 |
||
| 100 |
_aJeanneau, Marie Claire _926487 |
||
| 245 | _aLa leyenda de los colibríes de Nazca / | ||
| 260 |
_aPerú : _bSM, _c2016. |
||
| 300 |
_a31 páginas ; _bIlustraciones. _c20 cm. |
||
| 650 |
_aLiteratura infantil _9588 |
||
| 650 |
_aSiglo XXI _92856 |
||
| 700 |
_aPoli, Paola _926488 |
||
| 942 |
_2ddc _cLIBROS |
||
| 945 |
_apjha _d2019-05-14 |
||